Normal view
MARC view
Entry Término temático
001 - NÚMERO DE CONTROL
- campo de control: 17723
003 - IDENTIFICADOR DEL NÚMERO DE CONTROL
- campo de control: FranzMayer
005 - FECHA Y HORA DE LA ÚLTIMA TRANSACCIÓN
- campo de control: 20190320205726.0
008 - DATOS DE LONGITUD FIJA
- campo de control de longitud fija: 190320|| aca||aabn | a|a d
040 ## - FUENTE DE LA CATALOGACIÓN
- Centro catalogador/agencia de origen: FranzMayer
- Centro/agencia transcriptor: FranzMayer
150 ## - ENCABEZAMIENTO--TÉRMINO DE MATERIA
- Término de materia o nombre geográfico como elemento de entrada: Derecho
- Subdivisión de forma: Bibliografía
670 ## - FUENTE DE DATOS ENCONTRADOS
- Cita de la fuente: Work cat.: (FranzMayer): List of books from the law collection of Jerome Say Hess exhibited at the library of the School of Law on the occasion of the dedication of the Law Center of New York University and visit of America Bar Association to New York, Sember 1952, 1951